Giáo trình lịch sử Việt Nam
Tiến trình phát triển lịch sử Việt Nam từ 1858 đến 1918: Việt Nam trong cuộc xâm lược của Liên quân Pháp-Tây Ban Nha; Việt Nam từ sau khi Pháp chiếm đóng Nam Kì đem quân ra Bắc Kì; Nhân dân Việt Nam đấu tranh chống chính sách bình định của thực...
Enregistré dans:
| Auteur principal: | |
|---|---|
| Format: | Livre |
| Langue: | Undetermined |
| Publié: |
Hà Nội
Đại học Sư phạm
2012
|
| Sujets: | |
| Tags: |
Ajouter un tag
Pas de tags, Soyez le premier à ajouter un tag!
|
| Thư viện lưu trữ: | Trung tâm Học liệu Trường Đại học Cần Thơ |
|---|
| LEADER | 01247nam a2200217Ia 4500 | ||
|---|---|---|---|
| 001 | CTU_199945 | ||
| 008 | 210402s9999 xx 000 0 und d | ||
| 020 | |c 65000 | ||
| 082 | |a 959.703 | ||
| 082 | |b C460/T.4 | ||
| 100 | |a Nguyễn, Ngọc Cơ | ||
| 245 | 0 | |a Giáo trình lịch sử Việt Nam | |
| 245 | 0 | |c Nguyễn Ngọc Cơ (Chủ biên), Trần Đức Cường | |
| 260 | |a Hà Nội | ||
| 260 | |b Đại học Sư phạm | ||
| 260 | |c 2012 | ||
| 520 | |a Tiến trình phát triển lịch sử Việt Nam từ 1858 đến 1918: Việt Nam trong cuộc xâm lược của Liên quân Pháp-Tây Ban Nha; Việt Nam từ sau khi Pháp chiếm đóng Nam Kì đem quân ra Bắc Kì; Nhân dân Việt Nam đấu tranh chống chính sách bình định của thực dân Pháp; ách thống trị của thực dân Pháp và những chuyển biến về kinh tế - xã hội Việt Nam đầu thế kỉ 20; tình hình Việt Nam trong chiến tranh thế giới thứ nhất | ||
| 650 | |a Việt Nam | ||
| 650 | |x Lịch sử | ||
| 904 | |i Bằng | ||
| 980 | |a Trung tâm Học liệu Trường Đại học Cần Thơ | ||